000 00481nam a2200205Ia 4500
001 13085
003 GE_BSU
008 181216s||||||||xx |||||||||||||| ||und||
020 _a9780752849553
040 _cGE_BSU
080 _a821.111-32.1
100 _aVincenzi,Penny.
245 _aInto Temptation:The Spoils of Time:3.
260 _aLondon.
260 _bOrion.
260 _c2002
300 _a876p;18cm.
653 _aInto Temptation:The Spoils of Time:3.
942 _cBK
999 _c46252
_d46252